000 00512nam a2200181Ia 4500
008 100917s9999 xx 000 0 und d
082 _b16388
100 _aधामणस्कर बाळकृष्ण विट्ठल
245 _aकामसेन रसिका
260 _b---
_c1888
300 _a81
365 _b0
520 _aनाटक
630 _aकामसेन रसिका
650 _aनाटक
730 _aकामसेन रसिका
942 _cBOOK
999 _c621782
_d621779